Quizzes
Events
Quiz Creation
Community
Videos
Private Events
Remove Ads
Sign In
Join for FREE
Feedback
Dark Mode
Quiz Categories
Sports
Geography
Music
Movies
Television
Just For Fun
Miscellaneous
History
Literature
Language
Science
Gaming
Entertainment
Religion
Holiday
For Kids
Quiz Lab
Recent
Popular Today
Quiz Kudos Today
Editor Picks
Curator Picks
Quizzes by...
Day
Popularity
Type
Ratings
Length
Year
Community
Subscriptions
Recent Discussions
Orange Saloon
Badges
Playlists
Quests
Create
Leaderboards
Showdown
Live 5
Trivia Bingo
Activity
Puzzle Library
Sporcle Events
Private Events
Virtual Trivia
Globe League
Become a Host
Pub Owners
SporcleCon
Opinionation
Our Games
Videos
Blog
Mobile Apps
Partnerships
Remove Ads and Go Orange
Feedback
Sports
Athletes
MLB
NBA
NHL
NFL
Soccer
Sports Teams
WWE
NCAA
Football
Premier League
Basketball
Baseball
Hockey
Golf
Tennis
Cricket
Rugby
Auto Racing
Olympics
World Cup
Sports
Athletes
MLB
NBA
NHL
NFL
Soccer
Sports Teams
WWE
NCAA
Football
Premier League
Basketball
Baseball
Hockey
Golf
Tennis
Cricket
Rugby
Auto Racing
Olympics
World Cup
Random Quiz
Search Sporcle
×
Quiz Lab
Quiz Lab
Sports
Football
Type in answers that appear in a list
Type in answers that appear in a list
Classic
Best Score? Go Orange.
New York Mets Hall Of Fame Members Stats
Can you name the New York Mets Hall Of Fame Members?
By
bigblue2
7m
25 Questions
151 Plays
151 Plays
151 Plays
Comments
Comments
Give Quiz Kudos
Give Quiz Kudos
-
- Ratings
hide this ad
More Info
Replay
Link that replays current quiz
Next Quiz
Link to next quiz in quiz playlist
You Got
0%
They Got
Avg Score
63%
Avg Friend Score
Upgrade to see
Score Distribution
Jump to the score distribution portion of the page
Score
0/25
Timer
07:00
0
Plays Today
Year / Position
Member
% Correct
1988 P
Tom Seaver
94%
2001 C
Gary Carter
85.4%
1997 1B
Keith Hernandez
83.4%
2010 RF
Darryl Strawberry
83.4%
2010 P
Dwight Gooden
81.5%
2010 Manager
Davey Johnson
80.8%
1981 Manager
Casey Stengel
71.5%
1989 P
Jerry Koosman
70.9%
1996 CF
Mookie Wilson
70.2%
1984 Broadcaster
Ralph Kiner
66.9%
1982 Manager
Gil Hodges
65.6%
1991 LF
Cleon Jones
64.9%
1990 1B
Ed Kranepool
64.2%
Year / Position
Member
% Correct
1986 SS
Bud Harrelson
62.3%
1983 Owner/
Founder
Bill Shea
61.6%
2001 CF
Tommie Agee
60.9%
1992 C
Jerry Grote
60.3%
1993 P
Tug McGraw
59.6%
1984 Broadcaster
Bob Murphy
58.9%
1986 RF/
1B/
DH
Rusty Staub
56.3%
1984 Broadcaster
Lindsey Nelson
53%
2010 Executive
Frank Cashen
52.3%
1981 Executive
Joan Whitney Payson
45.7%
1982 Executive
George Weiss
32.5%
1983 Executive
Johnny Murphy
11.3%
Quiz Playlist
Details
Report
Send in Message
Add To Playlist
More Info:
The date in the "Year/Position" column is not the year they played of retired, but rather the year they were inducted into the Mets Hall of Fame.
Classic:
Type in answers that appear in a list
Last Updated: Feb 16, 2017
Quiz Scoreboard
CHALLENGE
Sign Up to Join the Scoreboard
Show All
Scores
Hide
Comments
May contain spoilers
Recently Published
TV Characters by Other Roles V
by ghcgh
Television
5m
Decade Duel: World Leaders
by jenniferyan
History
4m
Alphabetical 'K' Countries by Flag Minefield
by ylime102
Geography
3m
More to Explore
Quiz From the Vault
Featured Blog Post
15 Basketball Trivia Facts You Can Be March Mad About
hide this ad
You Might Also Like...
Tags
Football Quiz
Numbers Quiz
fame
hall
Hall of Fame
met
New York
New York Mets
Today's Top Quizzes in Sports
Browse Sports
hide this ad
Today's Top Quizzes in Football
Browse Football
Top Contributed Quizzes in Sports
1
Les joueurs à 100 buts en Ligue 1 Uber Eats
2
2022 World Cup Stars
3
Pick 6: NFL Teams
4
MLB 2 truths and a lie: Hall of Fame pitchers
5
Pick 6: Minor League Baseball
6
Millionaire: NBA Finals Edition
7
Pick 6: Olympics
8
50+ Goals in European Competition
9
Click the 1998 NBA Draft
10
Iconic Moments in Football - Multiple Choice
Explore More
Trending Topics
Crossword
Harry Potter
Marvel
Kpop
Anime
NBA
Disney
Country
NFL
Song
Soccer
Puzzle
Pokémon
WWE
The Office
hide this ad
More By:
bigblue2
Quiz
Plays
Rating
Category
Featured
Created
New York Mets Hall Of Fame Members
151
Sports
Dec 9, 2010
Go to Creator's Profile
Score Distribution
Quiz Creator Spotlight
bigblue2
Follow
Send a Message
Quizzes Created
-
Created Quiz Play Count
-
More By This Creator
Popular Quizzes Today
1
Countries of Asia Without Outlines Minefield
2
Find the US States - No Outlines Minefield
3
Pick 6: Fruits
4
The Countries of the World
5
Find the Countries of Europe - No Outlines Minefield
6
Alphabetical 'K' Countries by Flag Minefield
7
US States
8
Find the US States
More Sports Quizzes
Multi-Category Blitz: NFL
Editor's Pick
Trending Quizzes
Pick 6: Mountains
Pick 6: Harry Potter
Pick 6: Flags
Pick 6: NFL Teams
C Names for Actors
Recently Updated
Adaptations: Name the Title
pecheneg
NWSL Teams
pecheneg
Women's Final Four Teams by Year
bhenderson79
Presidents Quartet II
eogle
Anything But Clue(do)
eogle
Anything But Oceanian Capitals
eogle
Anything But 7
eogle
Anything But Thing
eogle
Word Ladder: February 29
pecheneg
Song Title Questions
pecheneg
Trending Topics
Harry Potter
Kpop
Crossword
Marvel
Disney
NBA
Anime
Country
NFL
The Office
Pokémon
WWE
Puzzle
Soccer
Song
Your Account Isn't Verified!
In order to create a playlist on Sporcle, you need to verify the email address you used during registration. Go to your
Sporcle Settings
to finish the process.
Report this User
Report this user for behavior that violates our
Community Guidelines
.
Details:
Send Report
Go to the Sporcle.com Mobile Site →
Comments